000 00482nam a2200169 i 4500
001 84481
003 ES-MaACL
005 20230906175024.0
007 t|
008 041123s1906 fr ||||1| fre d
100 1 _aJoannis, A.
_966680
245 1 0 _aCours élémentaire de Chimie /
_cpar A. Joannis.
250 _a3eme éd. rev. et corr.
260 _aParis :
_bCh. Béranger,
_c1906 (
_eLaval :
_fL. Barnéoud)
300 _a872 p. :
_bil. ;
_c19 cm.
852 _aES-MaACL
_jD-3024
999 _c84481
_d84481